Asesoría técnica empresa ARAKATANGA (Registro nro. 6715)

Detalles MARC
000 -CABECERA
Campo de control 00464nam a2200169 a 4500
005 - FECHA Y HORA DE LA ULTIMA TRANSACCION
Campo de control 20140130114848.0
008 - ELEMENTOS DE LONGITUD FIJA—INFORMACION GENERAL
Campo de control 140130b2008 ck ||||| |||| 00| 0 spa d
041 ## - IDIOMA
Código de idioma para texto/pista de sonido o título separado Español
044 ## - PAÍS DE PUBLICACIÓN
País de publicación Colombia
090 ## - CLASIFICACIÓN LOCAL
Colección IAVH
Consecutivo 01257
100 ## - ASIENTO PRINCIPAL--NOMBRE PERSONAL
Nombre personal Rodríguez Sinisterra, Karina
245 ## - MENCION DE TITULO
Título Asesoría técnica empresa ARAKATANGA
Parte restante del título Informe final
260 ## - PUBLICACION, DISTRIBUCION, ETC. (PIE DE IMPRENTA)
Lugar de publicación, distribución, etc. Bogotá
Nombre del editor, distribuidor, etc. IAVH
Fecha de publicación, distribución, etc. 2008
300 ## - DESCRIPCION FISICA
Extensión 42 h.
662 ## - ASIENTO SECUNDARIO DE MATERIA - JERARQUIA DEL NOMBRE DE LUGAR(
País o entidad mayor Colombia
Ciudad Buenaventura
Jurisdicción política de primer orden Valle del Cauca
942 ## - ELEMENTOS ADICIONALES (KOHA)
Tipo de ítem Impreso
Sistema de clasificación Local
Existencias
Withdrawn status Lost status Sistema de Clasificación Damaged status No para préstamo Colección Inventariado Ubicación Permanente Ubicación actual Fecha de adquisición Total Checkouts Número topográfico Inventario / Código de Barras Date last seen Ejemplar Price effective from Tipo de material
    Local     Humboldt Inventariado 2017 Bogotá Bogotá 04/12/2008   IAVH-01257 026622 09/08/2024 Ej. 1 04/12/2012 Informe Técnico